Normal view
MARC view
- ELECTRONIC CIRCUITS.ELECTRONIC CIRCUITS-ANALYSIS .ELECTRONIC CIRCUITS-ANALYSIS DESIGN
Entry Topical Term
001 - CONTROL NUMBER
- control field: 68692
003 - CONTROL NUMBER IDENTIFIER
- control field: NUST
005 - DATE AND TIME OF LATEST TRANSACTION
- control field: 20210628204105.0
008 - FIXED-LENGTH DATA ELEMENTS
- fixed length control field: 210628|| aca||aabn | a|a d
040 ## - CATALOGING SOURCE
- Original cataloging agency: NUST
- Transcribing agency: NUST
150 ## - HEADING--TOPICAL TERM
- Topical term or geographic name entry element: ELECTRONIC CIRCUITS.ELECTRONIC CIRCUITS-ANALYSIS .ELECTRONIC CIRCUITS-ANALYSIS DESIGN
670 ## - SOURCE DATA FOUND
- Source citation: Work cat.: (NUST): Neamen, Donald A 59734, Electronic circuits , analysis and design, 2012
